Pět let bankovní daně na Slovensku

Dôvody zavedenia bankovej dane na Slovensku. Slovenská banková daň je upravená zákonom č. 384/2011 Z.z. o osobitnom odvode vybraných finančných inštitúcií a o doplnení niektorých zákonov. Kritizované dopady bankovej dane.

Gespeichert in:
Bibliographische Detailangaben
1. Verfasser: Zemková, Martina
Weitere Verfasser: Dvořák, Petr
Format: Buchkapitel
Sprache:Tschechisch
Schlagworte:
Tags: Tag hinzufügen
Keine Tags, Fügen Sie das erste Tag hinzu!

MARC

LEADER 00000naa a2200000 4500
001 0236110
005 20220805075234.2
041 0 |a cze 
044 |a CZ 
245 1 0 |a Pět let bankovní daně na Slovensku  |c Martina Zemková, Petr Dvořák 
520 |a Dôvody zavedenia bankovej dane na Slovensku. Slovenská banková daň je upravená zákonom č. 384/2011 Z.z. o osobitnom odvode vybraných finančných inštitúcií a o doplnení niektorých zákonov. Kritizované dopady bankovej dane. 
610 2 0 |a dane 
610 2 0 |a bankovníctvo 
610 2 0 |a Slovensko 
610 2 0 |a kríza finančná 
610 2 0 |a stabilita finančná 
100 1 |a Zemková, Martina 
700 1 |a Dvořák, Petr